SAT Words HARD Click Quiz - B - Statistics

General Stats
  • This quiz has been taken 509 times
  • The average score is 11 of 15
Answer Stats
Hint Answer % Correct
Extreme lover of books Bibliolater
95%
Private room of a lady Boudoir
90%
Boasting, self-aggrandizement Braggadocio
81%
Defensive fortification Bulwark
79%
Constantly harass; besiege Beleaguer
78%
Lover of Shakespeare Bardolater
73%
Carefree, light-hearted Blithe
73%
Grow rapidly; flourish Burgeon
73%
Temporary encampment Bivouac
72%
Pertaining to rural life; pastoral Bucolic
72%
Rumbling of the stomach Borborygmus
62%
Blather endlessly; talk boastfully Bloviate
60%
Threatening harm; ominous Baleful
58%
Relating to ocean depths Benthic
56%
Rough draft; preliminary work Brouillon
45%
No matching quizzes found
Score Distribution
Percent of People with Each Score
Percentile by Number Answered
Your Score History
You have not taken this quiz